[Event "NZL-ch op 127th"]
[Site "Tauranga"]
[Date "2020.01.21"]
[Round "8"]
[White "Gong, Daniel Hanwen"]
[Black "Reilly, Tim"]
[Result "1/2-1/2"]
[WhiteElo "2276"]
[BlackElo "2098"]
[PlyCount "133"]
[EventDate "2020.01.14"]
[EventType "swiss"]
[EventRounds "9"]
[EventCountry "NZL"]
[SourceTitle "CBM 194 Extra"]
[Source "ChessBase"]
[SourceDate "2020.03.31"]
[SourceVersion "1"]
[SourceVersionDate "2020.03.31"]
[SourceQuality "1"]

1. d4 d6 2. e4 Nf6 3. Nc3 g6 4. Bf4 a6 5. e5 Nfd7 6. Nf3 Bg7 7. Qd2 c5 8. exd6 0-0 9. d5 exd6 10. Be2 Nf6 11. a4 Bf5 12. 0-0 Ne4 13. Nxe4 Bxe4 14. Ng5 Bf5 15. g4 Bc8 16. Ne4 f5 17. gxf5 Bxf5 18. Nxd6 Bh3 19. Rfb1 Bd4 20. Bf1 Qh4 21. Bg3 Rxf2 22. Kh1 Qh5 23. Qd3 Qxd5+ 24. Qe4 Qxe4+ 25. Nxe4 Rxf1+ 26. Rxf1 Bxf1 27. Rxf1 Nd7 28. c3 Bg7 29. Rd1 Re8 30. Rxd7 Rxe4 31. Rxb7 Rxa4 32. Kg2 Ra5 33. Bd6 c4 34. Kf3 Bh6 35. Ke4 Bg7 36. Rb4 Ra2 37. Kd5 Ra5+ 38. Ke6 h5 39. Rxc4 Rb5 40. b4 Kh7 41. Rc7 Rb6 42. c4 g5 43. Kd5 Kg6 44. Kc5 Bd4+ 45. Kxd4 Rxd6+ 46. Kc5 Rd2 47. Rc6+ Kf5 48. Rxa6 Rxh2 49. b5 g4 50. b6 Rb2 51. Ra5 g3 52. Kc6+ Kg4 53. Rb5 Rf2 54. b7 Rf8 55. b8Q Rxb8 56. Rxb8 h4 57. Rg8+ Kf3 58. Rf8+ Kg2 59. c5 h3 60. Kd7 h2 61. Rh8 h1Q 62. Rxh1 Kxh1 63. c6 g2 64. c7 g1Q 65. c8Q Qg4+ 66. Kc7 Qxc8+ 67. Kxc8 1/2-1/2

[Event "NZL-ch op 127th"]
[Site "Tauranga"]
[Date "2020.01.20"]
[Round "7"]
[White "Hague, Ben"]
[Black "Gong, Daniel Hanwen"]
[Result "1-0"]
[WhiteElo "2399"]
[BlackElo "2276"]
[PlyCount "97"]
[EventDate "2020.01.14"]
[EventType "swiss"]
[EventRounds "9"]
[EventCountry "NZL"]
[SourceTitle "CBM 194 Extra"]
[Source "ChessBase"]
[SourceDate "2020.03.31"]
[SourceVersion "1"]
[SourceVersionDate "2020.03.31"]
[SourceQuality "1"]

1. e4 c5 2. Nf3 g6 3. Bc4 Bg7 4. 0-0 Nc6 5. c3 Qb6 6. Na3 d6 7. Re1 h6 8. Bb3 Bg4 9. h3 Bxf3 10. Qxf3 Nf6 11. d3 0-0 12. Nc4 Qc7 13. a4 Kh7 14. Bf4 Nd7 15. Qe2 Nde5 16. Ne3 e6 17. Bg3 Na5 18. Ba2 Nec6 19. Rac1 Qd7 20. Qd1 a6 21. f4 Ne7 22. d4 cxd4 23. cxd4 d5 24. e5 b5 25. Bh4 Nec6 26. Ng4 Qa7 27. Bf2 Rac8 28. Bb1 Nb4 29. Rxc8 Rxc8 30. h4 Nc4 31. h5 Qe7 32. axb5 axb5 33. Qe2 Rc6 34. Nh2 Qe8 35. Nf3 Kg8 36. Rf1 gxh5 37. Be1 Na6 38. b3 Na3 39. Bd3 Nc7 40. f5 exf5 41. Nh4 f4 42. Qxh5 Nc2 43. Bf2 Ne3 44. Bxe3 fxe3 45. Qf5 e2 46. Qh7+ Kf8 47. Bxe2 Qd7 48. Bh5 Ne6 49. Ng6+ 1-0

[Event "NZL-ch op 127th"]
[Site "Tauranga"]
[Date "2020.01.19"]
[Round "6"]
[White "Gong, Daniel Hanwen"]
[Black "Dowden, R Anthony"]
[Result "1-0"]
[WhiteElo "2276"]
[BlackElo "2056"]
[PlyCount "73"]
[EventDate "2020.01.14"]
[EventType "swiss"]
[EventRounds "9"]
[EventCountry "NZL"]
[SourceTitle "CBM 194 Extra"]
[Source "ChessBase"]
[SourceDate "2020.03.31"]
[SourceVersion "1"]
[SourceVersionDate "2020.03.31"]
[SourceQuality "1"]

1. d4 c5 2. dxc5 e6 3. Nd2 Bxc5 4. Ne4 Nf6 5. Nxc5 Qa5+ 6. c3 Qxc5 7. Nf3 Nc6 8. e3 d5 9. Be2 0-0 10. 0-0 a5 11. Bd2 Ne4 12. Be1 b6 13. Nd4 Nxd4 14. exd4 Qe7 15. a4 Ba6 16. f3 Bxe2 17. Qxe2 Nd6 18. Bg3 Nf5 19. Bf4 Rac8 20. Qb5 g5 21. Bg3 Qd8 22. Qe2 Qf6 23. f4 g4 24. Qxg4+ Kh8 25. Qe2 Rg8 26. Qe5 Rg6 27. Rf3 Qxe5 28. fxe5 Rcg8 29. Raf1 h5 30. R1f2 h4 31. Bf4 Kh7 32. Kf1 Rg4 33. Bd2 R4g7 34. Rh3 b5 35. Rxf5 Rxg2 36. Rxh4+ Kg6 37. Rf6+ 1-0

[Event "George Trundle Masters"]
[Site "Auckland"]
[Date "2020.01.11"]
[Round "9"]
[White "Steadman, Michael VR"]
[Black "Gong, Daniel Hanwen"]
[Result "0-1"]
[WhiteElo "2220"]
[BlackElo "2276"]
[PlyCount "48"]
[EventDate "2020.01.04"]
[EventType "tourn"]
[EventRounds "10"]
[EventCountry "NZL"]
[EventCategory "4"]
[SourceTitle "CBM 194 Extra"]
[Source "ChessBase"]
[SourceDate "2020.03.31"]
[SourceVersion "1"]
[SourceVersionDate "2020.03.31"]
[SourceQuality "1"]

1. d4 Nf6 2. c4 g6 3. Nc3 Bg7 4. e4 d6 5. h3 0-0 6. Bg5 c5 7. d5 e6 8. Nf3 exd5 9. cxd5 Qa5 10. Bd2 Re8 11. Bd3 c4 12. Be2 b5 13. a3 a6 14. Qc2 Qc7 15. Be3 Nbd7 16. Nd2 Bb7 17. 0-0 Nc5 18. Rfe1 Re7 19. Bd4 Rae8 20. f3 Nxd5 21. Bxg7 Ne3 22. Qc1 Kxg7 23. Kf2 Qb6 24. Na2 Nc2 0-1

[Event "George Trundle Masters"]
[Site "Auckland"]
[Date "2020.01.09"]
[Round "7"]
[White "Gong, Daniel Hanwen"]
[Black "Johansen, Darryl Keith"]
[Result "0-1"]
[WhiteElo "2276"]
[BlackElo "2371"]
[PlyCount "104"]
[EventDate "2020.01.04"]
[EventType "tourn"]
[EventRounds "10"]
[EventCountry "NZL"]
[EventCategory "4"]
[SourceTitle "CBM 194 Extra"]
[Source "ChessBase"]
[SourceDate "2020.03.31"]
[SourceVersion "1"]
[SourceVersionDate "2020.03.31"]
[SourceQuality "1"]

1. e4 c5 2. Nf3 Nc6 3. d4 cxd4 4. Nxd4 Nf6 5. Nc3 d6 6. Be3 e5 7. Ndb5 a6 8. Na3 b5 9. Nd5 Nxd5 10. exd5 Ne7 11. c4 Nf5 12. Bd2 Be7 13. cxb5 0-0 14. bxa6 Bxa6 15. Bxa6 Rxa6 16. 0-0 Qa8 17. Nc2 Rxa2 18. Qg4 Rxa1 19. Rxa1 Qxd5 20. Qxf5 Qxd2 21. Ne3 g6 22. Qd7 Qxb2 23. Rf1 Bg5 24. Qxd6 Bxe3 25. fxe3 Qc3 26. Qb6 Rc8 27. Kh1 Qc6 28. Qa7 Qe6 29. h3 Rc2 30. Qb7 Kg7 31. e4 h5 32. Rf3 Rd2 33. Qc7 Re2 34. Qb7 Qc4 35. Qe7 Rxe4 36. Qf6+ Kg8 37. Kh2 Qc7 38. Ra3 Rb4 39. Ra8+ Rb8 40. Rxb8+ Qxb8 41. Qe7 Kg7 42. Kg3 Qb3+ 43. Kf2 Qc2+ 44. Kf1 Qf5+ 45. Ke2 Qf6 46. Qb7 Qf4 47. Qd5 Kh6 48. Qd8 f6 49. Qf8+ Kg5 50. Qa3 Kh4 51. Qd3 e4 52. Qc3 e3 0-1

[Event "Titled Tuesday intern op 7th Januar"]
[Site "Chess.com INT"]
[Date "2020.01.07"]
[Round "2"]
[White "Bykov, Egor"]
[Black "Gong, Daniel Hanwen"]
[Result "1-0"]
[WhiteElo "2384"]
[BlackElo "2276"]
[PlyCount "55"]
[EventDate "2020.01.07"]
[EventType "swiss (blitz)"]
[EventRounds "10"]
[EventCountry "USA"]
[SourceTitle "EXT 2021"]
[Source "ChessBase"]
[SourceDate "2020.10.23"]
[SourceVersion "1"]
[SourceVersionDate "2020.10.23"]
[SourceQuality "1"]

1. d4 d6 2. Nf3 g6 3. c4 Bg7 4. Nc3 Nf6 5. e4 0-0 6. Be2 e5 7. 0-0 Nh5 8. Bg5 f6 9. Be3 Nc6 10. dxe5 dxe5 11. c5 Be6 12. Nd5 Ne7 13. Bc4 c6 14. Nxe7+ Qxe7 15. Qb3 Bxc4 16. Qxc4+ Kh8 17. Rfd1 Rfd8 18. h3 Nf4 19. Bxf4 exf4 20. b4 f5 21. Rxd8+ Rxd8 22. Re1 fxe4 23. Rxe4 Qc7 24. Ng5 Rd1+ 25. Kh2 Rd5 26. Re8+ Bf8 27. Rxf8+ Kg7 28. Ne6+ 1-0

[Event "Titled Tuesday intern op 7th Januar"]
[Site "Chess.com INT"]
[Date "2020.01.07"]
[Round "5"]
[White "Gong, Daniel Hanwen"]
[Black "Wartiovaara, Oliver"]
[Result "1-0"]
[WhiteElo "2276"]
[BlackElo "2185"]
[PlyCount "75"]
[EventDate "2020.01.07"]
[EventType "swiss (blitz)"]
[EventRounds "10"]
[EventCountry "USA"]
[SourceTitle "EXT 2021"]
[Source "ChessBase"]
[SourceDate "2020.10.23"]
[SourceVersion "1"]
[SourceVersionDate "2020.10.23"]
[SourceQuality "1"]

1. d4 Nf6 2. Bf4 g6 3. Nc3 d5 4. e3 Bg7 5. h4 h5 6. Nf3 0-0 7. Be2 Bg4 8. Ne5 Bxe2 9. Qxe2 c5 10. dxc5 Qa5 11. Qb5 Qxb5 12. Nxb5 Na6 13. Nd3 Ne4 14. 0-0-0 Rfd8 15. b4 Nc3 16. Nxc3 Bxc3 17. a3 b6 18. cxb6 axb6 19. Be5 d4 20. Bxd4 Rxd4 21. exd4 Nc7 22. Kb1 Nb5 23. Nb2 Nxa3+ 24. Ka2 Nb5+ 25. Kb3 Ra3+ 26. Kc4 Nd6+ 27. Kd5 Bxb2 28. c4 Ra4 29. c5 bxc5 30. dxc5 Nf5 31. Kc4 Be5 32. Kb3 Ra8 33. Rhe1 f6 34. g3 Rb8 35. f4 Nd4+ 36. Kc4 Nf3 37. fxe5 Nxe1 38. Rxe1 1-0